プロ野球スピリッツA【プロスピA】 表ステータスがS能力または圏内の野手名 - Statistics

General Stats
  • This quiz has been taken 327 times
    195 since last reset
  • The average score is 17 of 25
Answer Stats
球団名 登場レアリティ 概要 選手名 % Correct
巨人 OB パワーA(89) 王貞治
97%
日本ハム 侍ジャパン パワーS(92) 大谷翔平
90%
オリックス 2009年日本代表(侍ジャパン) ミートS(90) イチロー
90%
ソフトバンク B9&THエキサイティング 侍ジャパン 走力A(88) 周東佑京
89%
ヤクルト 侍ジャパンB9&TH パワーA(87) 村上宗隆
85%
阪神 OB 走力A(88) 赤星憲広
81%
ヤクルト TSセレクション パワーA(89) W.バレンティン
79%
日本ハム TS通常 B9&TH セレクション アニバーサリー 走力A(88) 西川遥輝
74%
楽天 通常 走力A(88) 西川遥輝
74%
西武 TS パワーA(87) 中村剛也
71%
オリックス OB 走力A(89) 福本豊
69%
阪神 OB ミートA(88) R.バース
68%
巨人 OB パワーA(87) 松井秀喜
66%
巨人 OB ミートA(88) 張本勲
66%
日本ハム OB ミートA(88) 張本勲
66%
ヤクルト WS ミートA(89) 青木宣親
65%
ソフトバンク 通常 ミートA(87) 柳田悠岐
65%
西武 OB パワーA(88) A.カブレラ
60%
日本ハム エキサイティング ミートA(87) 近藤健介
59%
西武 通常 ミートA(87) 秋山翔吾
57%
オリックス OB パワーA(87) T.ローズ
53%
巨人 OB ミートA(87) W.クロマティ
49%
DeNA OB TS ミートA(88) 内川聖一
47%
オリックス OB パワーA(87) R.ブライアント
26%
中日 OB ミートA(87) 谷沢健一
21%
No matching quizzes found
Score Distribution
Percent of People with Each Score
Percentile by Number Answered
Your Score History
You have not taken this quiz since the last reset